[Event "Abakan op"]
[Site "Abakan"]
[Date "2013.12.06"]
[Round "7"]
[White "Kravshenko, Konstantin"]
[Black "Prokhorov, Vladislav"]
[Result "1-0"]
[WhiteElo "2112"]
[BlackElo "1754"]
[PlyCount "72"]
[EventDate "2013.11.30"]
[EventType "swiss"]
[EventRounds "9"]
[EventCountry "RUS"]
[SourceTitle "EXT 2015"]
[Source "ChessBase"]
[SourceDate "2014.11.20"]
[SourceVersion "1"]
[SourceVersionDate "2014.11.20"]
[SourceQuality "1"]

1. e4 e6 2. d4 d5 3. Nc3 dxe4 4. Nxe4 Nd7 5. Nf3 Ngf6 6. Nxf6+ Nxf6 7. Bg5 Be7 8. Bd3 0-0 9. 0-0 b6 10. Bxf6 Bxf6 11. Be4 Rb8 12. Qe2 Bb7 13. Rad1 Bxe4 14. Qxe4 Qd5 15. Qxd5 exd5 16. Rfe1 Rfe8 17. Kf1 Re4 18. c3 Rbe8 19. Nd2 R4e6 20. Rxe6 fxe6 21. Nf3 c5 22. Re1 Kf7 23. Re3 Rc8 24. Ke1 cxd4 25. cxd4 Rc4 26. Rd3 g5 27. g4 Rc2 28. Ra3 a5 29. Rb3 Rc4 30. Rc3 b5 31. Rxc4 bxc4 32. Kd2 Ke7 33. Kc3 Kd6 34. b3 cxb3 35. Kxb3 e5 36. dxe5+ Bxe5 1-0

[Event "Abakan op"]
[Site "Abakan"]
[Date "2013.12.04"]
[Round "5"]
[White "Kravshenko, Konstantin"]
[Black "Malezkey, Vladimir"]
[Result "0-1"]
[WhiteElo "2112"]
[BlackElo "2066"]
[PlyCount "76"]
[EventDate "2013.11.30"]
[EventType "swiss"]
[EventRounds "9"]
[EventCountry "RUS"]
[SourceTitle "EXT 2015"]
[Source "ChessBase"]
[SourceDate "2014.11.20"]
[SourceVersion "1"]
[SourceVersionDate "2014.11.20"]
[SourceQuality "1"]

1. e4 e6 2. d4 d5 3. Nc3 dxe4 4. Nxe4 Nd7 5. Nf3 Ngf6 6. Bg5 Be7 7. Nxf6+ Nxf6 8. Bd3 0-0 9. 0-0 c5 10. dxc5 Qa5 11. Qe2 Qxc5 12. Qe5 Qxe5 13. Nxe5 Bd6 14. Rfe1 Nd5 15. Bd2 Rd8 16. a3 f6 17. Nc4 Bf4 18. g3 Bxd2 19. Nxd2 Bd7 20. Rad1 Rac8 21. Bc4 Kf7 22. Ne4 Ba4 23. b3 Be8 24. Rd2 b5 25. Bf1 Ke7 26. c4 bxc4 27. Bxc4 Nb6 28. Bxe6 Rxd2 29. Nxd2 Rd8 30. Nc4 Kf8 31. Nxb6 axb6 32. Bf5 Bf7 33. Re3 g6 34. Be4 Rd1+ 35. Kg2 f5 36. Bc6 Rd6 37. Rc3 Rxc6 38. Rd3 Ke7 0-1

[Event "Abakan op"]
[Site "Abakan"]
[Date "2013.12.01"]
[Round "2"]
[White "Derevyagin, Valery"]
[Black "Kravshenko, Konstantin"]
[Result "1/2-1/2"]
[WhiteElo "1997"]
[BlackElo "2112"]
[PlyCount "63"]
[EventDate "2013.11.30"]
[EventType "swiss"]
[EventRounds "9"]
[EventCountry "RUS"]
[SourceTitle "EXT 2015"]
[Source "ChessBase"]
[SourceDate "2014.11.20"]
[SourceVersion "1"]
[SourceVersionDate "2014.11.20"]
[SourceQuality "1"]

1. Nf3 d5 2. g3 c5 3. Bg2 Nc6 4. 0-0 e5 5. d3 Nf6 6. Nbd2 Be7 7. Re1 h6 8. e4 d4 9. a4 0-0 10. b3 Be6 11. Ba3 a6 12. Bb2 Qc7 13. h3 b5 14. Nh2 Bd6 15. Ng4 Nxg4 16. hxg4 Rfb8 17. Bh3 Rb7 18. Nf3 g6 19. Nh4 c4 20. Bc1 cxb3 21. cxb3 bxa4 22. bxa4 Kh7 23. Bxh6 Kxh6 24. Qf3 Kh7 25. Kg2 Qd7 26. Rh1 Rh8 27. g5 Kg8 28. Qf6 Bxh3+ 29. Rxh3 Rh7 30. Nf5 Be7 31. Nxe7+ Qxe7 32. Qxc6 1/2-1/2

[Event "Abakan Sayany op"]
[Site "Abakan"]
[Date "2013.08.08"]
[Round "7"]
[White "Kravshenko, Konstantin"]
[Black "Piskunov, Alexandr"]
[Result "0-1"]
[WhiteElo "2103"]
[BlackElo "2308"]
[PlyCount "88"]
[EventDate "2013.08.02"]
[EventType "swiss"]
[EventRounds "9"]
[EventCountry "RUS"]
[SourceTitle "CBM 155 Extra"]
[Source "ChessBase"]
[SourceDate "2013.08.26"]
[SourceVersion "1"]
[SourceVersionDate "2013.08.26"]
[SourceQuality "1"]

1. e4 d6 2. d4 Nf6 3. Nc3 e5 4. Nf3 Nbd7 5. Bc4 Be7 6. 0-0 0-0 7. h3 c6 8. a4 exd4 9. Qxd4 Qb6 10. Be3 Qxd4 11. Bxd4 Nc5 12. Rfe1 Ne6 13. Be3 Nd7 14. Nd4 Nxd4 15. Bxd4 b6 16. Rad1 a6 17. Be2 b5 18. Be3 Re8 19. Bf4 Ne5 20. Bg3 Bf8 21. f4 Nd7 22. Bf3 Nc5 23. b3 Bb7 24. Rd4 g6 25. b4 Ne6 26. Rd3 Rad8 27. Red1 f5 28. exf5 gxf5 29. axb5 axb5 30. Nxb5 d5 31. Nd4 Nxd4 32. Rxd4 Ba6 33. Bh4 Rb8 34. Bf6 Bxb4 35. Rxb4 Rxb4 36. Ra1 Bb7 37. Be5 c5 38. Ra3 Ra8 39. Rc3 d4 40. Bxb7 Ra1+ 41. Kh2 dxc3 42. Bd5+ Kf8 43. Bd6+ Ke8 44. Bxc5 Rxf4 0-1

[Event "Novokuznetsk Siberia-ch"]
[Site "Novokuznetsk"]
[Date "2013.03.29"]
[Round "9"]
[White "Kravshenko, Konstantin"]
[Black "Permyakov, Evgeniy"]
[Result "0-1"]
[WhiteElo "2133"]
[BlackElo "2092"]
[PlyCount "62"]
[EventDate "2013.03.21"]
[EventType "swiss"]
[EventRounds "9"]
[EventCountry "RUS"]
[SourceTitle "CBM 153 Extra"]
[Source "ChessBase"]
[SourceDate "2013.04.22"]
[SourceVersion "1"]
[SourceVersionDate "2013.04.22"]
[SourceQuality "1"]

1. e4 c5 2. Nf3 Nc6 3. d4 cxd4 4. Nxd4 Nf6 5. Nc3 d6 6. Bc4 e6 7. Bb3 Be7 8. 0-0 0-0 9. Kh1 a6 10. f4 Bd7 11. Be3 Rc8 12. Qe2 Na5 13. Rad1 Rxc3 14. bxc3 Nxe4 15. Qe1 g6 16. Rf3 Bh4 17. g3 Bf6 18. Kg1 Qc7 19. Bf2 Nxf2 20. Kxf2 b5 21. Rfd3 Nb7 22. Re3 Qb6 23. Kg2 Nc5 24. h3 Rc8 25. Kh2 Rc7 26. h4 h5 27. Qe2 Kg7 28. f5 Nxb3 29. axb3 e5 30. fxg6 exd4 31. Re7 Bg4 0-1

[Event "Khakasia-ch"]
[Site "Abakan"]
[Date "2013.02.23"]
[Round "2"]
[White "Shoev, Kirill"]
[Black "Kravshenko, Konstantin"]
[Result "1-0"]
[WhiteElo "2261"]
[BlackElo "2133"]
[PlyCount "121"]
[EventDate "2013.02.22"]
[EventType "swiss"]
[EventRounds "9"]
[EventCountry "RUS"]
[SourceTitle "CBM 153 Extra"]
[Source "ChessBase"]
[SourceDate "2013.04.22"]
[SourceVersion "1"]
[SourceVersionDate "2013.04.22"]
[SourceQuality "1"]

1. d4 Nf6 2. c4 e6 3. Nc3 Bb4 4. Qc2 d5 5. a3 Bxc3+ 6. Qxc3 0-0 7. Bg5 Nbd7 8. e3 c6 9. Nf3 Re8 10. cxd5 exd5 11. Bd3 Qe7 12. Qc2 Qf8 13. 0-0 Ne4 14. Bf4 h6 15. b4 a6 16. Rab1 Nb6 17. Bc7 Nc4 18. Bxc4 dxc4 19. Qxc4 Be6 20. Qc1 Bd5 21. Nd2 Qe7 22. Bg3 h5 23. Nf3 g5 24. h3 Nxg3 25. fxg3 Qxe3+ 26. Rf2 Qxc1+ 27. Rxc1 f6 28. h4 g4 29. Ne1 Re3 30. Kh2 Rae8 31. Nc2 Re2 32. Kg1 Bb3 33. Na1 Re1+ 34. Rf1 Rxc1 35. Rxc1 Ba4 36. Kf2 Re4 37. Nc2 Bxc2 38. Rxc2 Rxd4 39. Ke3 Rd5 40. a4 Kf7 41. a5 Ke6 42. Rc4 Re5+ 43. Kd2 f5 44. Rd4 Rd5 45. Ke3 Ke5 46. Rc4 Rd1 47. Rc5+ Kf6 48. Rc4 Re1+ 49. Kd3 Ra1 50. Rc2 Rb1 51. Kc4 Rd1 52. Re2 Rc1+ 53. Kd4 Rd1+ 54. Kc4 Ra1 55. Kb3 Rd1 56. Kc4 Rd5 57. Rb2 Ke6 58. Re2+ Kd6 59. Re8 Kd7 60. Rh8 Rd2 61. Rxh5 1-0

[Event "Abaza op"]
[Site "Abaza"]
[Date "2012.07.26"]
[Round "6"]
[White "Tarasov, Valentin"]
[Black "Kravshenko, Konstantin"]
[Result "1-0"]
[WhiteElo "2020"]
[BlackElo "2134"]
[PlyCount "93"]
[EventDate "2012.07.21"]
[EventType "swiss"]
[EventRounds "9"]
[EventCountry "RUS"]
[SourceTitle "CBM 149 Extra"]
[Source "ChessBase"]
[SourceDate "2012.08.24"]
[SourceVersion "1"]
[SourceVersionDate "2012.08.24"]
[SourceQuality "1"]

1. d4 Nf6 2. Nf3 e6 3. c4 b6 4. g3 Bb7 5. Bg2 Bb4+ 6. Bd2 Be7 7. 0-0 0-0 8. Nc3 Ne4 9. Nxe4 Bxe4 10. Rc1 a5 11. Ne1 Bxg2 12. Nxg2 Bf6 13. Bf4 d6 14. b3 Nd7 15. e4 e5 16. dxe5 Nxe5 17. Bxe5 Bxe5 18. f4 Bb2 19. Rc2 Ba3 20. Kh1 a4 21. Re2 axb3 22. axb3 Bb4 23. Ne3 Bc3 24. Qd3 Ba1 25. b4 Re8 26. b5 Ra7 27. Nc2 Bf6 28. Nb4 Qa8 29. Nc6 Ra2 30. Rxa2 Qxa2 31. e5 Be7 32. f5 Bf8 33. e6 fxe6 34. fxe6 Rxe6 35. Qd5 Qe2 36. Rf4 Qe1+ 37. Kg2 Qe2+ 38. Kh3 g5 39. Qxg5+ Rg6 40. Qd5+ Qe6+ 41. Rg4 Qxd5 42. Rxg6+ hxg6 43. cxd5 Kf7 44. Kg4 Kf6 45. Kf4 Bh6+ 46. Ke4 Bc1 47. Nd4 1-0

[Event "Abaza op"]
[Site "Abaza"]
[Date "2012.07.22"]
[Round "2"]
[White "Kravshenko, Konstantin"]
[Black "Pakhomov, Egor"]
[Result "0-1"]
[WhiteElo "2134"]
[BlackElo "2396"]
[PlyCount "82"]
[EventDate "2012.07.21"]
[EventType "swiss"]
[EventRounds "9"]
[EventCountry "RUS"]
[SourceTitle "CBM 149 Extra"]
[Source "ChessBase"]
[SourceDate "2012.08.24"]
[SourceVersion "1"]
[SourceVersionDate "2012.08.24"]
[SourceQuality "1"]

1. e4 c5 2. Nf3 Nc6 3. d4 cxd4 4. Nxd4 Nf6 5. Nc3 d6 6. Bc4 e6 7. Bb3 a6 8. 0-0 Na5 9. Be3 Be7 10. Qe2 0-0 11. Rad1 Qc7 12. f3 b5 13. Qf2 Nc4 14. Bxc4 Qxc4 15. Nb3 Qc7 16. Bb6 Qb8 17. Na5 Bd7 18. a3 Rc8 19. Kh1 Be8 20. Bd4 b4 21. axb4 Qxb4 22. Nb3 a5 23. Nc1 e5 24. N3a2 Qb5 25. Bc3 d5 26. exd5 Bd6 27. Rfe1 Nd7 28. Qe2 Qa4 29. Nb3 f6 30. Ra1 Qh4 31. Qe4 Qh5 32. Qg4 Qxg4 33. fxg4 a4 34. Nd2 Bg6 35. Ne4 Bf8 36. Rac1 Rc4 37. Nf2 Nb6 38. g5 Nxd5 39. gxf6 gxf6 40. Rcd1 Nxc3 41. Nxc3 a3 0-1